[Event "Olympiad-32"]
[Site "Yerevan"]
[Date "1996.09.16"]
[Round "1.1"]
[White "Bouaziz, Slim"]
[Black "Jussupow, Artur"]
[Result "0-1"]
[WhiteElo "2410"]
[BlackElo "2665"]
[Annotator "Dolmatov,S"]
[PlyCount "109"]
[EventDate "1996.09.15"]
[EventType "team-swiss"]
[EventRounds "14"]
[EventCountry "ARM"]
[SourceTitle "CBM 055"]
[Source "ChessBase"]
[SourceDate "1996.12.01"]
[SourceVersion "1"]
[SourceVersionDate "1996.12.01"]
[SourceQuality "1"]
[WhiteTeam "Tunisia"]
[BlackTeam "Germany"]
[WhiteTeamCountry "TUN"]
[BlackTeamCountry "GER"]

1. e4 e6 2. d4 d5 3. exd5 exd5 4. Bd3 Bd6 5. Nf3 Bg4 6. O-O Nc6 7. c3 Nge7 8.
Bg5 (8. h3 Bh5 9. Re1 Qd7 10. a4 O-O-O 11. a5 f6 12. b4 Rde8 $13 {Kochyev,
A-Psakhis,L/Tallinn/1987/}) 8... Qd7 9. Re1 f6 10. Bh4 O-O $6 (10... O-O-O $5
11. Bg3 Bxg3 12. hxg3 h5 $15) 11. Bg3 (11. Nbd2 Nf5) 11... Rae8 12. Nbd2 Bf5 (
12... Ng6 13. Qb3) 13. Nf1 (13. Qc2 Bxd3 14. Qxd3 Nf5 15. Bxd6 Nxd6 $10) 13...
a6 14. Bxd6 Qxd6 15. Ng3 Bxd3 16. Qxd3 Ng6 $10 17. Nf5 Qd7 18. g3 Nce7 19.
Nxe7+ Nxe7 20. Re2 Nf5 21. Rae1 Nd6 22. Nd2 a5 23. Qf3 c6 24. Rxe8 (24. a4 Rxe2
25. Rxe2 Re8 26. b3 $10) 24... Rxe8 25. Rxe8+ Qxe8 26. Kf1 Qe6 27. b3 (27. h4
$5) 27... Qh3+ 28. Kg1 Kf7 29. a4 (29. Qf4 $5 Ke7 30. c4 Qf5) 29... h5 30. Qf4
Ke7 31. c4 $6 (31. f3 $10) (31. f3 Qe6 32. Kf2 $10) 31... Qg4 $1 32. Qe3+ Kf7
33. cxd5 cxd5 34. Qc3 $2 (34. f3 Qf5 35. Qc3) 34... Nf5 35. Qxa5 (35. Nf3 h4
36. Kg2 h3+ 37. Kf1 Qe4 $17) 35... Qxd4 36. Qc7+ Ne7 (36... Kg6 37. Qc2) 37.
Qc2 (37. Nf1 Qb4 38. Qc2 h4 $17) 37... Qg4 (37... h4 38. Nf3 Qa1+ 39. Kg2 h3+
40. Kxh3 Qf1+ 41. Kg4) 38. Qd3 h4 39. f3 (39. Nf3 $5 h3 40. Nd4) 39... Qe6 40.
Kf2 Nf5 41. g4 $6 (41. a5 Qe5 42. Nf1) 41... Ne7 42. Qe3 Qd6 43. f4 g5 44. Nf3
gxf4 45. Qd4 h3 46. g5 Nc6 47. Qd3 $2 (47. Qxf6+ Qxf6 48. gxf6 Kxf6 49. Ng1 Kf5
50. Nxh3 d4 51. Ke2 $17) 47... Qc5+ 48. Ke2 $2 (48. Kf1 Qc1+ 49. Kf2 Qb2+ 50.
Ke1) 48... Qe7+ $19 49. Kf1 Qe4 50. Qc3 d4 51. Qc4+ Kg7 52. gxf6+ Kxf6 53. Qe2
Qe3 54. Qf2 Kf5 55. Ne1 0-1

[Event "Gibraltar Masters 12th"]
[Site "Caleta"]
[Date "2014.01.31"]
[Round "4"]
[White "Harikrishna, Pentala"]
[Black "Edouard, Romain"]
[Result "1/2-1/2"]
[WhiteElo "2706"]
[BlackElo "2658"]
[Annotator "Edouard,R"]
[PlyCount "143"]
[EventDate "2014.01.28"]
[EventType "swiss"]
[EventRounds "10"]
[EventCountry "GGB"]
[SourceTitle "CBM 159"]
[Source "ChessBase"]
[SourceDate "2014.03.17"]
[SourceVersion "1"]
[SourceVersionDate "2014.03.17"]
[SourceQuality "1"]

1. e4 e6 2. d4 d5 3. Nc3 Bb4 4. exd5 exd5 5. Bd3 Nc6 6. a3 Ba5 7. Be3 Nge7 8.
Qf3 Be6 9. Nge2 Qd7 10. O-O Bg4 $5 {Trying to misplace the white queen on g3,
in order to prevent h3 and Ng3, and to be able to play ...Bf5 more easily.
After the game I had a feeling that this move was too superficial and wasn't
working. After analysing it, it seems maybe a different conclusion can be
drawn.} (10... O-O 11. h3 Bb6 {is the normal way to play.}) 11. Qg3 O-O 12. Nf4
{The most logical move.} (12. Na4 Bb6 {does not help White.}) 12... Bxc3 $6 (
12... Bf5 $1 {was working, but I missed that after} 13. Nh5 Bg6 14. Bh6 Qd6 $1
{would have solved my problems:} 15. Qxd6 cxd6 16. Nxg7 Kh8 $13) 13. bxc3 Kh8
14. c4 (14. Rab1 b6 {only helps Black.}) 14... Bf5 15. cxd5 Nxd5 16. Bxf5 (16.
Nxd5 Bxd3 17. Nf6 gxf6 18. cxd3 Ne7 $132) 16... Qxf5 17. Nxd5 Qxd5 18. c4 $5 (
18. Qxc7 b5 {would have given me quite good compensations for the pawn, though
White is probably objectively slightly better.}) 18... Qxc4 19. Qxc7 Rab8 $6 {
I did not like that move, but did not manage to make the more active ones work.
} ({After} 19... Rfc8 {I became afraid of} 20. Qxb7 Rab8 21. Qd7 Rd8 22. Qg4
Nxd4 23. Kh1 {but missed the move} Qc8 {that would have solved most of my
problems, though after something like} 24. Qe4 Qc2 25. Qf4 Nb3 26. Rab1 Rb7 27.
Rfe1 {White is still pressing.}) 20. Rfc1 (20. Rac1 {was more logical:} Qe6 (
20... Qa2 21. Rc5 $40) 21. Rc5 Rbd8 22. Qxb7 (22. d5 $5 Rxd5 23. Rxd5 Qxd5 24.
Qxb7 $14) 22... Nxd4 23. Bxd4 Rxd4 24. Qxa7 $14) 20... Qe6 21. Rc5 Rfd8 $6 {
Trying to avoid playing a pawn down by exchanging my a- and b-pawns against my
opponent's d-pawn. However it was by far the smallest concession my opponent
could get.} (21... Rbd8 22. d5 (22. Qxb7 Nxd4 23. Bxd4 Rxd4 24. Qxa7 Rfd8 {
should be a quite easy draw. White is losing time because of the rook on a1
instead of f1.}) 22... Qe5 (22... Rxd5 23. Rxd5 Qxd5 24. Qxb7 $14) 23. Qxe5
Nxe5 {with an improved version of the game, though White is anyway a bit
better.}) 22. d5 Qe5 (22... Rxd5 $4 23. Rxc6 $18) 23. Qxe5 Nxe5 24. d6 $1 (24.
Rd1 $6 Rd7 25. Bf4 f6 26. Bxe5 fxe5 27. d6 Re8 {is an easy draw.}) 24... f6 (
24... Nc6 25. Rb1 {is a problem as} Rd7 $4 {is not possible due to} 26. Rxc6
$18) 25. Rd1 Rd7 (25... Nc6 $2 26. d7 $18) 26. Rc7 Rbd8 27. Rxd7 $6 (27. f4 $1
{was a better try, though after} Ng6 (27... Nc6 28. Rb1 $18) 28. Rxd7 Rxd7 29.
f5 Ne5 30. Bxa7 Kg8 {I would still have decent chances to save the game.})
27... Nxd7 28. Rc1 Nf8 $1 29. Bxa7 (29. Rc7 Rxd6 30. Kf1 Rd7 31. Rc8 Kg8 32.
Bc5 Rf7 33. Bxa7 g5 {is a bit better for White but shouldn't be too difficult
to save.}) 29... Rxd6 30. Kf1 Ne6 31. Rc8+ Rd8 32. Rxd8+ {White's best
practical chance.} Nxd8 33. Ke2 Nc6 34. Be3 Kg8 35. Kd3 Kf7 36. Kc4 Ke6 37. Kc5
Kd7 $2 {A terrible move, missing a very simple tactical move that would make a
draw at once.} (37... Ne5 $11 {followed by ...Nd7+ or ...Nc4+ in the event of
Kb6.}) 38. Bf4 Ne7 39. Bd2 Ng6 40. h3 Ne5 $2 {A big blunder just before
reaching the time control. This very inaccurate move misplaces my knight and
allows my opponent to do all he wants.} (40... Nh4 {would be a much better
defence. In general the position should be a draw if I can keep good activity.}
) 41. f4 Nc6 ({Maybe something like} 41... Nd3+ 42. Kd4 Nb2 {somehow
disturbing my opponent's dominating setup had to be played, but during a game
it is very difficult to ensure the knight isn't going to get trapped!}) 42. Bb4
(42. g4 $5) 42... Kc7 (42... Nxb4 43. axb4 g6 (43... Kc7 44. f5 $18 g5) 44. Kb6
Kc8 45. g4 $5 h6 46. h4 Kb8 47. g5 fxg5 48. fxg5 h5 49. b5 Kc8 50. Ka7 Kc7 51.
Ka8 $1 $18 {In general all the pawn endings here should be lost due to the
White's huge space advantage.}) 43. g4 $6 (43. Kd5 Nxb4+ 44. axb4 Kb6 45. Ke6
Kb5 46. Kf7 Kxb4 47. Kxg7 b5 48. Kxf6 Kc4 49. f5 b4 50. Kg7 b3 51. f6 b2 52. f7
b1=Q 53. f8=Q Qg6+ {would be a draw. I guess this is the reason why my
opponent pushed g4, as with the pawn on g4 this ending would be completely won
for White.}) 43... Ne7 $2 {I was far from imagining that one day taking on b4
would be possible, apart from in the line just above.} ({We both missed that} 
43... Nxb4 $1 44. axb4 g5 $1 {would force a draw:} 45. f5 (45. fxg5 fxg5 46. b5
Kd7 47. Kd5 Kc7 48. Kc5 Kd7 $11) 45... b6+ 46. Kd5 Kd7 47. b5 h6 $11) 44. Kd4
Nc6+ 45. Kd5 Kd7 46. Bf8 $6 (46. f5 $1 Ne7+ $1 47. Kc5 Kc7 48. a4 Nc6 49. Ba3 {
should be very close to winning for White: sooner or later the white bishop
will reach the f8 square, forcing g6, after what White will take on g6 and
push his h-pawn. From a technical point of view the position is lost, but, of
course, from a concrete (and also practical) point of view White's task is not
so easy.}) 46... g6 47. Bb4 Nd8 $1 {Now the position is a draw, as I am able
to get my knight to e6 or to force a few exchanges.} (47... Nxb4+ 48. axb4 g5 {
was again possible but after} 49. fxg5 fxg5 50. Ke5 Kc6 51. Kf5 Kb5 52. Kxg5
Kxb4 53. Kh6 Ka5 54. Kxh7 b5 55. g5 b4 56. g6 b3 57. g7 b2 58. g8=Q b1=Q+ 59.
Qg6 {the rest of the game would not be much fun for Black, though
theoretically speaking the position is a draw.}) 48. f5 gxf5 49. gxf5 Nf7 50.
Bc3 Nd6 51. Bxf6 Nxf5 52. Bg5 Nd6 53. a4 Nc8 54. Be3 Nd6 55. Bc5 Nf7 56. h4 h5
57. Bd4 Nh6 {Entering a drawn setup but missing an immediate way to solve the
problems.} (57... Nd6 58. Ke5 $8 b5 $11) 58. Ke5 Ng4+ 59. Kf4 Ke6 60. Kg5 Nh2
$1 {White cannot avoid a knight sacrifice on the h-pawn, after which the
position is a theoretical dead draw.} 61. Kf4 Ng4 62. a5 Nh6 63. Kg5 Nf5 64.
Ba7 Nxh4 65. Kxh4 Kd7 66. Kxh5 b6 67. axb6 (67. Bxb6 Kc6 $11) (67. a6 Kc6 68.
Bb8 b5 $11) 67... Kc6 68. Kg5 Kb7 69. Kf5 Ka8 70. Ke5 Kb7 71. Kd5 Ka8 72. Ke4
1/2-1/2

[Event "Bermuda-A"]
[Site "Bermuda"]
[Date "1995.??.??"]
[Round "8"]
[White "Ashley, Maurice"]
[Black "Frias Pablaza, Victor J"]
[Result "1/2-1/2"]
[WhiteElo "2460"]
[BlackElo "2495"]
[Annotator "Endgame-CD"]
[PlyCount "154"]
[EventDate "1995.01.??"]
[EventType "tourn"]
[EventRounds "9"]
[EventCountry "BER"]
[EventCategory "10"]
[SourceTitle "CBM 046"]
[Source "ChessBase"]
[SourceDate "1995.06.01"]
[SourceVersion "1"]
[SourceVersionDate "1995.06.01"]
[SourceQuality "1"]

1. e4 e6 2. d4 d5 3. exd5 exd5 4. c4 Nf6 5. Nc3 c6 6. Bd3 Be6 7. cxd5 Nxd5 8.
Nf3 Be7 9. O-O O-O 10. Be3 Nd7 11. Rc1 Re8 12. Bb1 Nf8 13. Ne5 f6 14. Nd3 Bd6
15. Ne4 Bf5 16. Nxd6 Qxd6 17. Qb3 Re7 18. Bf4 Qd8 19. Nb4 Bxb1 20. Rxc6 bxc6
21. Nxc6 Rf7 22. Nxd8 Rxd8 23. Rxb1 Nxf4 24. Re1 Rxd4 25. g3 N4g6 26. Re8 Rdd7
27. Rb8 Ne5 28. h4 g6 29. h5 gxh5 30. Qe6 Rb7 31. Qc8 Rbd7 32. Kg2 Kg7 33. a4
h4 34. gxh4 Rd4 35. h5 Rxa4 36. b4 Ra3 37. Qe8 Rf3 38. h6+ Kxh6 39. Qxf7 Nxf7
40. Kxf3 Ne5+ 41. Ke4 Ned7 42. Ra8 Kg5 43. Rxa7 f5+ 44. Ke3 h5 45. Ra1 Nb6 46.
f4+ Kf6 47. Ra6 Nfd7 48. Kf3 Ke7 49. Ra2 Nd5 50. b5 Kd6 51. Rc2 Nc5 52. Rc1 Ne6
53. b6 Nd4+ 54. Kf2 Nxb6 55. Rh1 Nd5 56. Rxh5 Nxf4 57. Rxf5 $10 {Damit ist die
Stellung theoretisch remis. Schwarz spielt dennoch weiter, wahrscheinlich
weniger aus Unkenntnis über das theoretische Urteil, sondern aus Freude am
Schach.} Nxf5 58. Kf3 Ke5 59. Kg4 Ke4 60. Kg5 Nd4 61. Kf6 Nfe6 62. Ke7 Ke5 63.
Kd7 Nc5+ 64. Ke7 Nc6+ 65. Kf7 Kf5 66. Kg7 Ne5 67. Kh6 Kg4 68. Kg7 Ncd7 69. Kh6
Kh4 70. Kg7 Kg5 71. Kh7 Nc5 72. Kg7 Ne6+ 73. Kh7 Kh5 74. Kg8 Kg6 75. Kh8 {
Nun ist immerhin die Mindestvoraussetzung für ein eventuell vorhandenes Matt
gegeben, der König steht in der Ecke.} Ng4 76. Kg8 Nf6+ (76... Ne3 77. Kh8 Nf5
78. Kg8 Ne7+ 79. Kh8 Kh6 $10 {Patt.}) (76... Kf6 77. Kh8 Kf7 78. Kh7 Ne5 79.
Kh8 (79. Kh6 $10) 79... Kg6 80. Kg8 Kf6 81. Kh8 Kf7 82. Kh7 Ng5+ 83. Kh8 $4 (
83. Kh6 $10) 83... Ng6# {Nur wenn der andere ordentlich mithilft, kommt man
doch noch zum Matt.}) 77. Kh8 Kf5 {Patt. Eine eindrucksvolle Demonstration,
daß zwei Springer kein Matt erzwingen können.} 1/2-1/2

[Event "DEN-ch"]
[Site "Denmark"]
[Date "1996.??.??"]
[Round "7"]
[White "Schandorff, Lars"]
[Black "Mortensen, Erling"]
[Result "0-1"]
[WhiteElo "2485"]
[BlackElo "2430"]
[Annotator "Endgame-CD"]
[PlyCount "178"]
[EventDate "1996.??.??"]
[EventType "tourn"]
[EventRounds "9"]
[EventCountry "DEN"]
[EventCategory "9"]
[SourceTitle "CBM 053"]
[Source "ChessBase"]
[SourceDate "1996.08.01"]
[SourceVersion "1"]
[SourceVersionDate "1996.08.01"]
[SourceQuality "1"]

1. d4 d5 2. c4 e5 3. e3 exd4 4. exd4 Nf6 5. Nf3 Bb4+ 6. Nc3 O-O 7. Be2 dxc4 8.
Bxc4 Bg4 9. O-O Nc6 10. Be3 Ba5 11. h3 Bh5 12. g4 Bg6 13. Ne5 Bb6 14. Nxc6 bxc6
15. f4 Re8 16. Bf2 Be4 17. Re1 Qd7 18. Bf1 Bd5 19. Re5 Ne4 20. Nxe4 Bxe4 21.
Qe2 Bd5 22. b4 Rxe5 23. dxe5 Qe7 24. Qe1 f6 25. a3 fxe5 26. Bxb6 cxb6 27. Qxe5
Qxe5 28. fxe5 Kf7 29. Bd3 g6 30. Re1 Ke6 31. Re3 a5 32. b5 cxb5 33. Bxb5 Rc8
34. Kf2 Rc5 35. a4 Bc6 36. Bxc6 Rxc6 37. Rb3 Kxe5 38. Ke3 Kd5 39. Rb5+ Kd6 40.
Kd4 Kc7 41. Re5 Kd7 42. Rb5 Kc7 43. Re5 Rf6 44. Kd5 Kd7 45. Kc4 Kc6 46. Re3
Rf4+ 47. Kb3 Kd5 48. g5 Rb4+ 49. Ka3 Re4 50. Rb3 Kc5 51. Rb5+ Kc6 52. Rb3 Re5
53. Rg3 Kc5 54. Kb3 Re4 55. Rc3+ Kd5 56. Ka3 Re6 57. Rf3 Re5 58. h4 Re4 59. Rb3
Kc5 60. Rc3+ Rc4 61. Rh3 Kd4 62. Rh1 Rc3+ 63. Ka2 Kc5 64. Rh2 Kb4 65. Rb2+ Kxa4
66. Rxb6 Rh3 67. Rb8 Rxh4 68. Rb7 Rh5 69. Kb2 Rxg5 70. Rxh7 Rc5 71. Rh4+ Kb5
72. Kb3 g5 73. Rh6 a4+ 74. Kb2 g4 75. Rg6 Rc4 76. Rg8 Kc5 77. Rg5+ Kb4 78. Rg8
a3+ 79. Kb1 Kb3 80. Rb8+ Rb4 81. Rc8 Ra4 82. Ka1 Rd4 83. Rb8+ Kc2 84. Rg8 Kd2
85. Ka2 Ke3 86. Kxa3 $19 {Mit dem weit entfernten König ist Weiß chancenlos.}
Kf3 87. Kb3 g3 88. Kc3 Rg4 89. Rf8+ Rf4 0-1

[Event "Bundesliga 0304"]
[Site "Germany"]
[Date "2004.02.15"]
[Round "8.4"]
[White "Bischoff, Klaus"]
[Black "Lau, Ralf"]
[Result "1-0"]
[WhiteElo "2564"]
[BlackElo "2503"]
[Annotator "Erenburg,S"]
[PlyCount "71"]
[EventDate "2003.11.01"]
[EventType "team-tourn"]
[EventRounds "15"]
[EventCountry "GER"]
[SourceTitle "CBM 100"]
[Source "ChessBase"]
[SourceDate "2004.06.01"]
[SourceVersion "1"]
[SourceVersionDate "2004.06.01"]
[SourceQuality "1"]
[WhiteTeam "Tegernsee"]
[BlackTeam "Kreuzberg"]
[WhiteTeamCountry "GER"]
[BlackTeamCountry "GER"]

{[%mdl 64]} 1. d4 d6 2. e4 Nf6 3. f3 $5 {White doesn't go for the main lines
of the Pirc defence, but chooses a pawn structure, which is more comfortable
for a 1.d4 player.} d5 4. e5 Nfd7 5. f4 {Another way to fight for an advantage
is} (5. c4 {1-0 Popov,V-Gubanov,A/St Petersburg 1997/CBM 58/[Har Zvi] (38)})
5... e6 {After this move we get the pawn structure from the French defence.} ({
Another option is to attack white's centre immediately with} 5... c5 {1/2-1/2
Seirawan,Y-Adams,M/Bermuda 1999/CBM 69/[Kaspi,A] (47)}) 6. Nf3 c5 7. c3 Nc6 8.
Be3 {According to my database, the move 8.Be3 was played for the first time in
the position which arised after 7...Nc6. But after 8.Be3 it transforms to
variations from the Caro-Kann or from the French. For example: 1.e4 c6 2.d4 d5
3.f3 e6 4.Be3 Nf6 5.e5 Nfd7 6.f4 c5 7.c3 Nc6 8.Be3...} ({In the previous game
white continued} 8. Be2 Be7 9. O-O cxd4 10. cxd4 Nb6 11. Nc3 Bd7 12. Be3 Rc8
13. Rc1 O-O 14. Bd3 Nb4 15. Bb1 Nc4 16. Qe2 a6 17. f5 $14 {1/2-1/2 Ibragimov,
I-Kindermann,S/Bad Wiessee 2000/EXT 2003 (49)}) 8... a6 {Black is intending to
create counterplay on the queenside carrying out b7-b5. In my opinion, more
principle is the standard Qb6 with pressure on white's center and on white's
queenside. See the following games:} (8... Be7 9. Bd3 O-O 10. Nbd2 Qb6 11. Qc2
h6 12. a3 a5 13. O-O f5 14. Rae1 (14. exf6 $14) 14... Rf7 15. h3 $14 {1-0
Quinteros,M-Szmetan,J/Villa Martelli 1997/EXT 99 (45)}) (8... Qb6 9. Qd2 cxd4
10. cxd4 Na5 11. Nc3 Bb4 12. b3 Nf8 13. Kf2 Bd7 14. Rc1 Ng6 15. Bd3 O-O 16. Qe2
Rfc8 $132 {0-1 Yevseev,D-Rashkovsky,N/Moscow 1996/CBM 56 ext (58)}) 9. Nbd2 b5
10. a3 {preventing black's counterplay, which could be created after b5-b4.
Also white covers the b4 square, making possible an occupation of the d3
square by the light-squared bishop.} cxd4 {Black has to play this move, as it
liberates the knight d7 for maneouvres.} ({After} 10... b4 {white gets an
advantage:} 11. axb4 cxb4 12. c4 $14 (12. Bd3 $14)) 11. cxd4 Nb6 12. b3 $1 {
preventing from black the transfer of the knight to c4.} Bd7 13. Bd3 h6 $6 {
A dubious move, which worsens black's position even more. I think, black
should make everything to prevent white's initiative on the kingside.} ({
Therefore I would recommend to play} 13... Ne7 {with transfer of the knight to
f5.} 14. O-O Nf5 15. Bf2 Be7 {with following h7-h5.}) 14. h4 $1 {Right
decision. White is going to push his "h" pawn to h5, which will fix black's
kingside. It will make white's task easier in developing an intiative on the
kingside.} Rc8 15. h5 Na5 {Black is looking for counterplay on the queenside,
but he will not achieve there anything, as he hasn't the squares for invasion.}
16. Bf2 Rc3 17. Qb1 Nb7 {Black hopes to create counterplay with a6-a5-a4, but
it seems to me too slow. Also his knight is badly placed on b7. It is another
argument, why black should transfer his knight to f5 with 13...Ne7.} 18. Ng1 $1
{Very strong move, which drives away black's rook from white's camp.} Be7 19.
Ne2 Rc7 20. Nf3 {The position is closed, therefore white doesn't hurry with
castling, but improves the position of his knight.} a5 21. O-O O-O 22. Qd1 {
intending to build an unpleasant battery of Q+B for black through the b1-h7
diagonal.} f5 {After this move white gets a superior pawn structure and some
important squares, which are, actually, strongholds. But, on the other hand,
it is very difficult to advice good alternative for black. He hasn't any
counterplay on the queenside and cannot make use of the open "c" file.} (22...
a4 23. Bb1 axb3 24. Qd3 f5 25. exf6 Bxf6 26. Qh7+ Kf7 27. Ne5+ $40) 23. exf6
gxf6 ({Maybe the least of the evils was} 23... Bxf6 {, but the position
favours white anyway after} 24. Ne5 Be8 25. Bb1 (25. Ng3 Nd6 26. Qg4 $16) 25...
Nd6 26. Ng3 Bh4 27. Qd3 Nf5 28. Ne2 $16 {[%cal Gg2g4]}) {[%tqu "En","Please
enter the best move for white.","","","f4f5","",10]} 24. f5 $1 $16 {[%csl Ye6,
Gf5,Yg6][%cal Ye2f4,Gf3h4,Yd3f5] Very strong move, after which black's
position is strategically lost! White is going to occupy fantastic outposts
for his knights.} exf5 25. Nh4 Rf7 $2 {After this move black's position is
already hopeless...} ({More resistant was} 25... Re8 26. Nxf5 Bxf5 27. Bxf5 Bd6
28. Ng3 $16 {/+-}) 26. Nxf5 Bf8 27. Bg3 Rc8 28. Nf4 $18 {[%cal Gd1g4] All
white pieces take part in the attack on the black king, which is very
vulnerable.} Bxf5 29. Bxf5 Rc3 30. Rf3 {The simplest.} Rc6 31. Re3 $1 {[%cal
Gd1g4] After white adds his queen to the attack black hasn't any chance.} Nd6
32. Ne6 Qe7 33. Bxd6 $1 {eliminating the only active piece of black.} Rxd6 34.
Qg4+ Rg7 (34... Kh8 35. Rae1 $18 {[%cal Ge6f8]}) 35. Qf3 Rf7 36. Rae1 {Black
resigned in view of inability to maintain the material balance.} 1-0